| 000 | 00617nam a2200217 u 4500 | ||
|---|---|---|---|
| 005 | 20240316063812.0 | ||
| 008 | 180704s2009 mx r 000 0 spa d | ||
| 020 | _a9786070211690 | ||
| 035 | _aUPN01000225899 | ||
| 049 | _aCG | ||
| 050 | 4 |
_aPN3373 _bB6.2 |
|
| 100 | 1 |
_aBosch y Gaviño, Juan Emilio, _d1909-2001 _942884 |
|
| 245 | 1 | 0 |
_aApuntes sobre el arte de escribir cuentos / _cJuan Bosch. |
| 260 |
_aMéxico : _bUNAM, _c2009. |
||
| 300 | _a53 p. | ||
| 440 | 0 |
_aPequeños grandes ensayos ; _v58 |
|
| 650 | 4 |
_aCUENTO - _xTECNICA _913501 |
|
| 650 | 4 |
_aLiteratura _95741 |
|
| 905 | _aLibro | ||
| 999 |
_c197995 _d197995 |
||